000 00654nam a2200181 a 4500
001 BRCA_1870
005 20190320203600.0
008 090608s1993----mx-#---###---#000-0#spa-#
050 4 _aAM2
_b.C65 1993
245 1 0 _aPrimer coloquio los museos y el arte en México.
260 _aMéxico
_bFederación Mexicana de Asociaciones de Amigos de los Museos
_c1993
300 _a126 p.
_c21 cm.
500 _aMemoria de coloquio realizado en la Ciudad de México, febrero 1993
500 _a2do. ejemplar en el Área de Investigación
650 1 4 _aMuseos de arte
_vCongresos
_zMéxico
_95789
650 1 4 _aMuseología
_vCongresos
_zMéxico
_95790
942 _2lcc
_cB
999 _c1647
_d1647